| 000 | 01202nam a22003377a 4500 | ||
|---|---|---|---|
| 001 | 6260 | ||
| 003 | FISKH | ||
| 005 | 20250407132829.0 | ||
| 008 | 250407b cb ||||| |||| 00| 0 eng d | ||
| 020 | _a9780545482899 | ||
| 040 |
_aNJQ/DLC _cNJQ _dDLC _beng |
||
| 050 | _aPZ7.M47841378 D | ||
| 082 | _a509 | ||
| 100 | 1 | _aMcLean, Hope | |
| 245 | 1 | 0 |
_aDiamonds are a thief's best friend / _cby Hope McLean. |
| 250 | _aThis edition first published in 2013 | ||
| 260 |
_aNew York : _bScholastic, _c2012. |
||
| 300 |
_a140 pages : _c20 cm. |
||
| 490 | 0 |
_aJewel thieves ; _v#2 |
|
| 505 | _aP | ||
| 520 | _aThe "Jewels" of the Martha Washington Middle School team are focused on the upcoming quiz bowl in New York City but when they discover that the Atkinson Preparatory School Rivals may be planning a diamond heist, they set out to foil the theft. | ||
| 521 |
_a630
_bLexile |
||
| 521 |
_aP
_bRaz-Plus |
||
| 650 | 0 |
_aJewel thieves _vJuvenile fiction. |
|
| 650 | 0 |
_aSchool contests _vJuvenile fiction. |
|
| 650 | 0 |
_aMiddle schools _vJuvenile fiction. |
|
| 655 | 7 |
_aMystery fiction. _2gsafd |
|
| 906 |
_a7 _bcbc _corignew _d1 _eecip _f20 _gy-gencatlg |
||
| 942 |
_2ddc _cBK _n0 |
||
| 999 |
_c6260 _d6260 |
||